America's national parks: the spectacular forces that shaped our treasured lands

I tiakina i:
Ngā taipitopito rārangi puna kōrero
Kaituhi matua: Schullery, Paul (Author)
Hōputu: Pukapuka
Reo:Ingarihi
I whakaputaina: Nueva York Discovery Channel 2001
Putanga:1a. ed
Ngā marau:
Ngā Tūtohu: Tāpirihia he Tūtohu
Kāore He Tūtohu, Me noho koe te mea tuatahi ki te tūtohu i tēnei pūkete!

MARC

LEADER 00000nam a2200000 a 4500
001 UCJ9159
003 CL-VaPUC
008 070309e20010000US |||||||||||||||||eng|d
020 |a 0789480166 
082 0 4 |a 363  |b SCH  |2 21 
100 0 |a Schullery, Paul  |e author  |9 519051 
245 1 0 |a America's national parks: the spectacular forces that shaped our treasured lands 
250 |a 1a. ed 
300 |a 405 p 
942 |c BK 
945 |d 20070309 00:00:00  |a cmena 
260 |a Nueva York  |b Discovery Channel  |c 2001 
650 7 |a PARQUES NACIONALES  |2 CL-VaPUC  |9 332012 
650 0 |a Recursos naturales  |9 255232 
650 0 |a Historia natural   |9 268584 
650 0 |a Fotografías  |9 268494 
650 0 |a Iconografía   |9 267998 
651 0 |a Estados Unidos  |9 255178 
583 |a last modification  |c 20070309 00:00:00  |k Rodrigo Vera 
999 |c 324746  |d 324744 
952 |0 0  |1 0  |4 0  |6 363_000000000000000_SCH_2001  |7 0  |8 A  |9 405088  |a BIBCUR  |b BIBCUR  |d 2019-11-22  |i 4200713  |l 1  |o 363 SCH 2001  |p 4200713  |r 2025-04-22  |s 2023-09-04  |w 2019-11-22  |y BK  |k PER